Statistics for Countries That Are Less Populous Than All Of Their Neighbors

Click here to take the quiz!

General Stats

  • This quiz has been taken 29 times
    (26 since last reset)
  • The average score is 38 of 50

Answer Stats

ContinentAnswer% Correct
EuropeMontenegro
95%
AfricaLesotho
91%
EuropeLiechtenstein
91%
EuropeLuxembourg
91%
AsiaOman
91%
EuropeSan Marino
91%
EuropeVatican City
91%
EuropeAndorra
86%
EuropeDenmark
86%
South AmericaEcuador
86%
EuropeMonaco
86%
AsiaMongolia
86%
AsiaNorth Korea
86%
EuropeNorway
86%
South AmericaParaguay
86%
South AmericaSuriname
86%
South AmericaUruguay
86%
AsiaArmenia
82%
North AmericaDominican Republic
82%
AfricaEswatini
82%
EuropeIreland
82%
AsiaKuwait
82%
AsiaLaos
82%
EuropePortugal
82%
AsiaQatar
82%
AsiaBhutan
77%
EuropeEstonia
77%
AfricaGambia
77%
EuropeMoldova
77%
North AmericaBelize
73%
AsiaBrunei
73%
AfricaDjibouti
73%
AsiaKyrgyzstan
73%
AsiaLebanon
73%
OceaniaPapua New Guinea
73%
EuropeSlovenia
73%
AsiaEast Timor
68%
North AmericaEl Salvador
68%
AsiaNepal
68%
EuropeSlovakia
68%
AfricaTogo
68%
North AmericaCosta Rica
64%
AfricaCentral African Republic
59%
AfricaGuinea-Bissau
59%
AfricaBurundi
55%
AsiaBahrain
50%
AfricaBotswana
50%
AfricaLiberia
50%
AsiaTurkmenistan
50%
AfricaMauritania
41%

Score Distribution

Percentile by Number Answered

Percent of People with Each Score

Your Score History

You have not taken this quiz since the last reset